000 00628nam a22002057a 4500
999 _c1468
_d1468
003 OSt
005 20240404143303.0
008 160329b xxu||||| |||| 00| 0 eng d
020 _a978-0-7788-0423-9
040 _cLIC
082 _22012
_aDC 642.79
_bV83
100 _94455
_aVivaldo, Denise
245 _aTop 100 step-by-step napkin folds:
_bmore than 1,000 photographs/
_cDenise Vivaldo.
260 _aCanada:
_bRobert Rose Inc.,
_cc2012.
300 _a224 pages:
_bcolor illustrations;
_c27 cm.
365 _b1,973.49
_cPhp
650 0 _94456
_aNapkin folding
650 0 _94457
_aTable setting and decoration
942 _2ddc
_cDC